| 000 | 00807cam a22002771 4500 | ||
|---|---|---|---|
| 001 | 35877 | ||
| 005 | 20230410101945.0 | ||
| 008 | 781025s1966 dr ac 000 0 spa | ||
| 035 | _9(DLC) 66067074 | ||
| 035 | _a7069310 | ||
| 010 | _a 66067074 | ||
| 035 | _a(OCoLC)4318274 | ||
| 040 |
_aDLC _cMiRochOU _dDLC |
||
| 042 | _apremarc | ||
| 043 | _anwdr--- | ||
| 050 | 1 | 4 |
_a118 F 1938.55 _bB891t 1966 |
| 082 | _a320.97293 | ||
| 100 | 2 | _aBrugal Alfau, Danilo. | |
| 245 | 1 | 0 |
_aTragedia en Santo Domingo; _bdocumentos para la historia. |
| 260 |
_aSanto Domingo, _c1966. |
||
| 300 |
_a311 p. _billus., ports. _c23 cm. |
||
| 651 | 0 |
_aDominican Republic _xPolitics and government _y1961- |
|
| 651 | 0 |
_aDominican Republic _xForeign relations. |
|
| 942 |
_2lcc _cbk |
||
| 985 | _eOCLC REPLACEMENT cdsdistr | ||
| 999 |
_c16418 _d16418 |
||